000 00347nam a2200133Ia 4500
005 20260328104327.0
008 260328s9999||||xx |||||||||||||| ||und||
100 _aMejía, Juan Luis
245 0 _aMonumentoS NacionalES de Colombia Siglo XIX /
_cJuan Luis Mejía
260 _bCocultura
300 _a99 p.
650 _aARQUITECTURA
942 _cBK
999 _c11563
_d11563